Vista normal
Vista MARC
Entrada Personal Name
Número de registros utilizados en: 2
001 - CONTROL NUMBER
- control field: 62535
003 - CONTROL NUMBER IDENTIFIER
- control field: OSt
005 - DATE AND TIME OF LATEST TRANSACTION
- control field: 20250816002427.0
008 - FIXED-LENGTH DATA ELEMENTS
- fixed length control field: 250816|| aca||aabn | a|a d
040 ## - CATALOGING SOURCE
- Original cataloging agency: OSt
- Transcribing agency: OSt
100 ## - HEADING--PERSONAL NAME
- Personal name: Uderzo, Albert, 1927-, autor
670 ## - SOURCE DATA FOUND
- Source citation: Work cat.: (OSt)58135: Goscinny, René, 1926-1977 aut 60350, El adivino /